000 01022nam0a22002531 4500
001 rc\4030716
005 20130415133103.7
021 _aRU
_b[49-20602]
035 _a(NLR Aleph) 007953403
090 _a8353592
_c8353592
100 _a20130415d1948 |||y0rusy50 ca
101 0 _arus
102 _aRU
105 _ay z |||||
200 1 _aКруг навыков и знаний, обязательный для киномехаников звуковой стационарной и передвижной киноустановок
_fПод ред. Друи Н.Я.
210 _a[Николаев]
_cОбл. тип.
_d[1948]
215 _a10 с.
_d20
225 1 _aМинистерство кинематографии УССР. Николаевское областное управление кинофикации. Технический отдел
_vВып. 1
702 1 _aДруи
_bН. Я.
_4340
801 0 _aRU
_bNLR
_gpsbo
801 1 _aRU
_bELAR
_2rusmarc
852 _aNLR
_jП10/807
942 _cBOOK
980 _aNB